K rekatolizácii na Spiši

Bibliographic Details
Main Author: Chalupecký, Ivan, 1932-2020 (Author)
Format: Article
Language:Slovak
ISSN:1210-1605
Subjects:

MARC

LEADER 00000nab a2200000 a 4500
001 vtls000507897
003 SK-MaSNL
005 20260304090425.0
008 250425c1994 xo 0 slo
015 |a SNBRB19rr/mm-uuuuu 
035 |a CL0508035 
035 |a urn:nbn:sk:snk-ab9vx5 
035 |a (urnnbn)urn:nbn:sk:snk:ar-a091tg 
035 |a (uuid)68f9b782-af53-43dd-8d9a-1b7cd04abf57 
040 |a SNKBUCL  |b slo  |c SNKBUCL  |e AACR2 
041 0 |a slo 
044 |a xo  |c SK 
080 |a 943.76"16"  |2 1981 
080 |a 282(091)"16"  |2 1981 
080 |a 27(437.6)  |2 1981 
100 1 |a Chalupecký, Ivan,  |d 1932-2020  |4 aut  |9 199754 
245 1 0 |a K rekatolizácii na Spiši  |c Ivan Chalupecký 
650 0 7 |a rekatolizácia  |2 snkbucl  |9 29768 
651 7 |a Spiš (Slovensko : región)  |2 snkbucl  |9 17692 
655 7 |a články z novín a časopisov  |2 snkbucl  |9 267496 
773 0 |t Verbum  |g Roč. 5, č. 1 (1994), s. 21-26  |x 1210-1605 
850 |a Slovenská národná knižnica 
852 |a Slovenská národná knižnica 
954 |a odborná, vedecká literatúra pôvodná (slovenská)  |2 lita 
958 |a article13 
958 |a OND 
958 |a RK 
958 |a EUIPO 
992 |a RBX 
999 |c 2811413  |d 2813343